Cities in Israel - Statistics

General Stats
  • This quiz has been taken 20 times
  • The average score is 6 of 10
Answer Stats
Hint Answer % Correct
970,00 Jerusalem
100%
470,000 Tel Aviv
95%
290,000 Haifa
85%
250,000 Ashdod
50%
240,000 Netanya
50%
220,000 Beer Sheva
45%
255,000 Petah Tikva
40%
260,000 Rishon LeZion
35%
210,000 Bnei Brak
30%
210,000 Holon
30%
No matching quizzes found
Score Distribution
Percent of People with Each Score
Percentile by Number Answered
Your Score History
You have not taken this quiz